000 00713nam a22002177a 4500
999 _c9342
_d9342
003 AR-CdUCM
008 190327b ||||| |||| 00| 0 spa d
040 _aMUNICIPALIDAD PROVINCIAL DEL CUSCO
_cBIBLIOTECA MUNICIPAL DEL CUSCO
082 _22ed.
_a869.56 /
_bV32F
100 _aVargas Rodríguez, José Guillermo
_925474
245 _aFábula del fauno socarrón y algo más /
260 _aLima :
_bEdiciones Maribelina,
_c1986.
300 _a28 páginas ;
_c21 cm.
440 _n4
_910574
650 _aPoesía peruana - Siglo XX
_914083
650 _aPoetas peruanos
_91611
650 _aPoesía contemporánea
_93298
710 _aCasa Nacional del Poeta
_914728
942 _2ddc
_cLIBROS
945 _alccs